000
00301nam a2200121Ia 4500
008
190216s9999||||xx |||||||||||||| ||und||
100
_a
Kesavadev P
245
0
_a
Kunchukurupinde Athmakatha
260
_b
Poorna Pubs Kozhikode
300
_a
62
650
_a
Malayalam-Malayalam Biography
942
_c
BK
999
_c
27473
_d
27473